Work In Progress : Improving Youth Labor Market Outcomes in Emerging Market and Developing Economies /

Economic development and growth depend on a country's young people. With most of their working life ahead of them they make up about a third of the working-age population in the typical emerging market and developing economy. But the youth in these economies face a daunting labor market-about 2...

Description complète

Détails bibliographiques
Auteur principal: Ahn, JaeBin
Autres auteurs: An, Zidong, Bluedorn, John, Ciminelli, Gabriele
Format: Revue
Langue:English
Publié: Washington, D.C. : International Monetary Fund, 2019.
Collection:Staff Discussion Notes; Staff Discussion Notes ; No. 2019/002
Accès en ligne:Full text available on IMF
LEADER 02053cas a2200277 a 4500
001 AALejournalIMF017843
008 230101c9999 xx r poo 0 0eng d
020 |c 5.00 USD 
020 |z 9781484393901 
022 |a 2617-6750 
040 |a BD-DhAAL  |c BD-DhAAL 
100 1 |a Ahn, JaeBin. 
245 1 0 |a Work In Progress :   |b Improving Youth Labor Market Outcomes in Emerging Market and Developing Economies /  |c JaeBin Ahn, Zidong An, John Bluedorn, Gabriele Ciminelli. 
264 1 |a Washington, D.C. :  |b International Monetary Fund,  |c 2019. 
300 |a 1 online resource (30 pages) 
490 1 |a Staff Discussion Notes 
500 |a <strong>Off-Campus Access:</strong> No User ID or Password Required 
500 |a <strong>On-Campus Access:</strong> No User ID or Password Required 
506 |a Electronic access restricted to authorized BRAC University faculty, staff and students 
520 3 |a Economic development and growth depend on a country's young people. With most of their working life ahead of them they make up about a third of the working-age population in the typical emerging market and developing economy. But the youth in these economies face a daunting labor market-about 20 percent of them are neither employed, in school, nor in training (the youth inactivity rate). This is double the share in the average advanced economy. Were nothing else to change, bringing youth inactivity in these economies down to what it is in advanced economies and getting those inactive young people into new jobs would have a striking effect. The working-age employment rate in the average emerging market and developing economy would rise more than 3 percentage points, and real output would get a 5 percent boost. 
538 |a Mode of access: Internet 
700 1 |a An, Zidong. 
700 1 |a Bluedorn, John. 
700 1 |a Ciminelli, Gabriele. 
830 0 |a Staff Discussion Notes; Staff Discussion Notes ;  |v No. 2019/002 
856 4 0 |z Full text available on IMF  |u http://elibrary.imf.org/view/journals/006/2019/002/006.2019.issue-002-en.xml  |z IMF e-Library